[Event "Titled Tuesday intern op 06th July"]
[Site "Chess.com INT"]
[Date "2021.07.06"]
[Round "3"]
[White "Budiarti, Farah Yumna"]
[Black "Bordi, Kevin Claude"]
[Result "1-0"]
[WhiteElo "2040"]
[BlackElo "2288"]
[PlyCount "49"]
[EventDate "2021.07.06"]
[EventType "swiss (blitz)"]
[EventRounds "11"]
[EventCountry "USA"]
[SourceTitle "EXT 2022"]
[Source "ChessBase"]
[SourceDate "2021.10.06"]
[SourceVersion "1"]
[SourceVersionDate "2021.10.06"]
[SourceQuality "1"]

1. d4 d5 2. c4 c6 3. g3 Nf6 4. Bg2 Bf5 5. cxd5 cxd5 6. Nc3 e6 7. Qb3 Qb6 8. Nf3 Qxb3 9. axb3 Nc6 10. 0-0 Be7 11. h3 0-0 12. Bf4 Bc2 13. Rfc1 Bxb3 14. Nd2 Bc4 15. Nxc4 dxc4 16. Bxc6 bxc6 17. Na4 Nd5 18. Rxc4 Nxf4 19. gxf4 Rfb8 20. Rxc6 Rb4 21. e3 g6 22. Rc2 Rab8 23. Ra2 Bf8 24. Nc5 Kg7 25. Na6 1-0

[Event "Titled Tuesday intern op 06th July"]
[Site "Chess.com INT"]
[Date "2021.07.06"]
[Round "2"]
[White "Khanin, Semen"]
[Black "Budiarti, Farah Yumna"]
[Result "0-1"]
[WhiteElo "2517"]
[BlackElo "2040"]
[PlyCount "77"]
[EventDate "2021.07.06"]
[EventType "swiss (blitz)"]
[EventRounds "11"]
[EventCountry "USA"]
[SourceTitle "EXT 2022"]
[Source "ChessBase"]
[SourceDate "2021.10.06"]
[SourceVersion "1"]
[SourceVersionDate "2021.10.06"]
[SourceQuality "1"]

1. e4 c6 2. d4 d5 3. Nd2 dxe4 4. Nxe4 Bf5 5. Ng3 Bg6 6. h4 h6 7. Nf3 Nd7 8. h5 Bh7 9. Bd3 Bxd3 10. Qxd3 e6 11. Bd2 Ngf6 12. 0-0-0 Be7 13. Kb1 0-0 14. Ne4 Nxe4 15. Qxe4 Nf6 16. Qe2 Qd5 17. Bc1 Qe4 18. Qc4 b5 19. Qd3 b4 20. Ne5 c5 21. Qg3 cxd4 22. Bxh6 Qh7 23. Ng6 Rfe8 24. Rxd4 Qxh6 25. Rhd1 fxg6 26. hxg6 Nh5 27. Qg4 Bf6 28. Rd7 Qg5 29. Qe4 Qf5 30. Qb7 Qxg6 31. g3 Rac8 32. R1d3 Qf5 33. a3 bxa3 34. g4 Qxf2 35. Rd2 Qf1+ 36. Rd1 Qc4 37. gxh5 Qxc2+ 38. Ka2 axb2 39. Ka3 0-1

[Event "Titled Tuesday intern op 29th June"]
[Site "Chess.com INT"]
[Date "2021.06.29"]
[Round "2"]
[White "Chitlange, Sakshi"]
[Black "Budiarti, Farah Yumna"]
[Result "1-0"]
[WhiteElo "2167"]
[BlackElo "2040"]
[PlyCount "71"]
[EventDate "2021.06.29"]
[EventType "swiss (blitz)"]
[EventRounds "11"]
[EventCountry "USA"]
[SourceTitle "CBM 203 Extra"]
[Source "ChessBase"]
[SourceDate "2021.09.30"]
[SourceVersion "1"]
[SourceVersionDate "2021.09.30"]
[SourceQuality "1"]

1. d4 Nf6 2. c4 g6 3. Nc3 Bg7 4. e4 d6 5. Be2 0-0 6. Bg5 c6 7. Nf3 Qc7 8. 0-0 e5 9. d5 Na6 10. Nd2 h6 11. Be3 Nh7 12. a3 f5 13. exf5 gxf5 14. f4 e4 15. Nb3 c5 16. Kh1 Qe7 17. g4 Nc7 18. Rg1 Kh8 19. Nd2 Bd7 20. gxf5 Bxf5 21. Bg4 Qd7 22. Ncxe4 Rae8 23. Bxf5 Rxf5 24. Qg4 h5 25. Qh3 Rf7 26. Qxh5 Kg8 27. Bf2 Rf5 28. Qg6 Rxf4 29. Rae1 Ref8 30. Bg3 Rg4 31. Qxd6 Qe8 32. Qxc7 Qh5 33. Be5 Bxe5 34. Rxg4+ Qxg4 35. Qxe5 Rf5 36. Qe6+ 1-0

[Event "Titled Tuesday intern op 08th June"]
[Site "Chess.com INT"]
[Date "2021.06.08"]
[Round "2"]
[White "Donatti, Alvaro"]
[Black "Budiarti, Farah Yumna"]
[Result "0-1"]
[WhiteElo "2193"]
[BlackElo "2040"]
[PlyCount "90"]
[EventDate "2021.06.08"]
[EventType "swiss (blitz)"]
[EventRounds "11"]
[EventCountry "USA"]
[SourceTitle "CBM 202 Extra"]
[Source "ChessBase"]
[SourceDate "2021.07.31"]
[SourceVersion "1"]
[SourceVersionDate "2021.07.31"]
[SourceQuality "1"]

1. e4 c6 2. d4 d5 3. exd5 cxd5 4. c4 Nf6 5. Nc3 Nc6 6. Bg5 Be6 7. c5 Ne4 8. Be3 g6 9. Nf3 Bg7 10. Be2 0-0 11. 0-0 Bg4 12. h3 Bxf3 13. Bxf3 Nxc3 14. bxc3 Qd7 15. Qa4 b6 16. c4 bxc5 17. cxd5 Ne5 18. Qxd7 Nxd7 19. dxc5 Bxa1 20. Rxa1 Rac8 21. Rc1 Ne5 22. Be2 Rfd8 23. Rd1 Nd7 24. Rc1 Nf6 25. Bf3 Nxd5 26. Bxd5 Rxd5 27. c6 Rd6 28. Bxa7 Rdxc6 29. Re1 Rc1 30. Rxc1 Rxc1+ 31. Kh2 Ra1 32. Bc5 Rxa2 33. Bxe7 Rxf2 34. Kg3 Rf1 35. Bc5 f5 36. Bd4 Kf7 37. Be3 Ke6 38. Bg5 Kd5 39. h4 Ke4 40. Bh6 f4+ 41. Kh2 Kf5 42. Kh3 Rb1 43. Kh2 Kg4 44. Bg5 Rb2 45. Kh1 Kg3 0-1

[Event "Titled Tuesday intern op 25th May"]
[Site "Chess.com INT"]
[Date "2021.05.25"]
[Round "2"]
[White "Budiarti, Farah Yumna"]
[Black "Mirzoev, Azer"]
[Result "1/2-1/2"]
[WhiteElo "2040"]
[BlackElo "2430"]
[PlyCount "115"]
[EventDate "2021.05.25"]
[EventType "swiss (blitz)"]
[EventRounds "11"]
[EventCountry "USA"]
[SourceTitle "CBM 203 Extra"]
[Source "ChessBase"]
[SourceDate "2021.09.30"]
[SourceVersion "1"]
[SourceVersionDate "2021.09.30"]
[SourceQuality "1"]

1. d4 d5 2. c4 c6 3. g3 Nf6 4. Bg2 Bf5 5. cxd5 cxd5 6. Nc3 e6 7. Qb3 Qb6 8. Nf3 Nc6 9. 0-0 Be7 10. Qxb6 axb6 11. Bf4 0-0 12. Rfd1 h6 13. Ne5 Rfc8 14. h3 g5 15. Be3 Bc2 16. Rd2 Bh7 17. f4 gxf4 18. Bxf4 Nxe5 19. Bxe5 Bg6 20. Rf1 Nd7 21. Bf4 h5 22. e4 dxe4 23. Bxe4 Bxe4 24. Nxe4 Rxa2 25. Bd6 Re8 26. g4 hxg4 27. hxg4 Ra5 28. Rc2 Rd5 29. Bxe7 Rxe7 30. Rc8+ Kg7 31. g5 Rf5 32. Rxf5 exf5 33. Nd6 Re1+ 34. Kf2 Nf8 35. Rc7 Re6 36. Nxf7 Kg6 37. Ne5+ Kxg5 38. Rxb7 Ng6 39. Rg7 Kh6 40. Rxg6+ Rxg6 41. Nxg6 Kxg6 42. Kf3 Kg5 43. b4 f4 44. d5 Kf5 45. d6 Ke6 46. Kxf4 Kxd6 47. Ke4 Kc6 48. Kd4 b5 49. Ke5 Kc7 50. Kd5 Kd7 51. Kc5 Kc7 52. Kxb5 Kb7 53. Kc5 Kc7 54. b5 Kb7 55. b6 Kb8 56. Kc6 Kc8 57. b7+ Kb8 58. Kb6 1/2-1/2

[Event "Titled Tuesday intern op 25th May"]
[Site "Chess.com INT"]
[Date "2021.05.25"]
[Round "5"]
[White "Nguyen, Van Huy"]
[Black "Budiarti, Farah Yumna"]
[Result "1-0"]
[WhiteElo "2407"]
[BlackElo "2040"]
[PlyCount "89"]
[EventDate "2021.05.25"]
[EventType "swiss (blitz)"]
[EventRounds "11"]
[EventCountry "USA"]
[SourceTitle "CBM 203 Extra"]
[Source "ChessBase"]
[SourceDate "2021.09.30"]
[SourceVersion "1"]
[SourceVersionDate "2021.09.30"]
[SourceQuality "1"]

1. d4 Nf6 2. Nf3 d5 3. c4 c6 4. Qb3 e6 5. g3 Bd6 6. Bg2 0-0 7. 0-0 Nbd7 8. Nc3 b6 9. e4 Nxe4 10. Nxe4 dxe4 11. Ng5 Bb7 12. Nxe4 Be7 13. Bf4 c5 14. Nf6+ Bxf6 15. Bxb7 cxd4 16. Bxa8 Qxa8 17. f3 e5 18. Bd2 Nc5 19. Qd1 e4 20. fxe4 Nxe4 21. Bf4 d3 22. Qxd3 Rd8 23. Qf3 Bd4+ 24. Kg2 g5 25. Rae1 f5 26. Bxg5 Nxg5 27. Qxa8 Rxa8 28. Rxf5 h6 29. Re7 Bc5 30. Re2 Rd8 31. h4 Nf7 32. Rd5 Rxd5 33. cxd5 Kg7 34. g4 Nd6 35. Re7+ Kf6 36. Rxa7 Nc4 37. b3 Ne3+ 38. Kf3 Nxd5 39. a4 Ne7 40. Ke4 Ng6 41. h5 Ne5 42. a5 bxa5 43. Ra6+ Kg5 44. Kxe5 Kxg4 45. Rxh6 1-0

[Event "Titled Tuesday intern op 23rd Feb"]
[Site "Chess.com INT"]
[Date "2021.02.23"]
[Round "5"]
[White "Budiarti, Farah Yumna"]
[Black "Fiorito, Fabian"]
[Result "1-0"]
[WhiteElo "2040"]
[BlackElo "2380"]
[PlyCount "57"]
[EventDate "2021.02.23"]
[EventType "swiss (blitz)"]
[EventRounds "11"]
[EventCountry "USA"]
[SourceTitle "CBM 200 Extra"]
[Source "ChessBase"]
[SourceDate "2021.03.31"]
[SourceVersion "1"]
[SourceVersionDate "2021.03.31"]
[SourceQuality "1"]

1. Nf3 Nf6 2. d4 g6 3. g3 Bg7 4. Bg2 0-0 5. 0-0 d6 6. b3 Nbd7 7. Bb2 c6 8. c4 Re8 9. Nc3 e5 10. dxe5 dxe5 11. Ng5 Qe7 12. Nge4 Nxe4 13. Nxe4 Rd8 14. Qd6 Qxd6 15. Nxd6 Nc5 16. Rfd1 f6 17. Ba3 Ne6 18. e3 Bf8 19. c5 b6 20. Bxc6 Rb8 21. Nxc8 Rbxc8 22. Bd7 Nxc5 23. Bxc8 Rxc8 24. Rac1 a5 25. Bxc5 Bxc5 26. Rd7 Rc6 27. a3 Re6 28. b4 axb4 29. axb4 1-0